| 000 | 02056naa a2200313Ia 4500 | ||
|---|---|---|---|
| 003 | OSt | ||
| 005 | 20260413082615.0 | ||
| 008 | 260413s2013 xx 000 0 und d | ||
| 040 |
_aFoundation University _beng _cFoundation University _erda |
||
| 050 |
_aCoA (AnSci-Th) LG 221 D35 A37 _bA5 A38 2010 D35 |
||
| 099 | _a1036 | ||
| 100 |
_aDaligdig, Aiza Ann _91996 _eauthor |
||
| 245 | 1 | 0 |
_a Performance of broilers (Gallus gallus domesticus) as affected by different medicinal plant extracts / _cby Aiza Ann Daligdig |
| 264 |
_aDumaguete City _bFoundation Uiniversity, _c2010. _42010. |
||
| 300 |
_axv, 71 leaves : _3volume _bill. (col.) ; _c28 cm. _fresource |
||
| 336 |
_2rdacontent _atext _btxt |
||
| 337 |
_2rdamedia _aunmediated _bn |
||
| 338 |
_3rdacarrier _avolume _bnc |
||
| 500 | _aA study on the effects of medicinal plant extracts on broiler performance. | ||
| 502 | _aUndergraduate Field practice (Bachelor of Science in Agriculture Major in Animal Science) -- Foundation University, 2010. | ||
| 504 | _aIncludes bibliographical references appendices | ||
| 520 | _aThis study evaluates the performance of broiler chickens (Gallus gallus domesticus) as affected by different medicinal plant extracts. It examines the effects of incorporating plant-based extracts into broiler diets on growth rate, feed intake, feed conversion efficiency, and overall health. The research aims to determine the potential of medicinal plants as natural alternatives to synthetic growth promoters in poultry production. The findings provide insights into improving poultry performance while promoting sustainable and environmentally friendly farming practices. | ||
| 650 |
_aBroilers (Chickens) _915500 _xFeeding and feeds. |
||
| 650 |
_aMedicinal plants. _915476 |
||
| 650 |
_aPoultry _xNutrition. _914407 |
||
| 650 |
_a Animal production. _914406 |
||
| 658 |
_aField Practice : _bAgriculture Major in Animal Science, Bachelor of Science in ; _cASC 48A. |
||
| 942 |
_2lcc _cTH _hLG 221 D35 A37 _iA5 A38 2010 D35 _kCoA (AnSci-Th) |
||
| 999 |
_c5732 _d5732 |
||